| 000 | 00764cab a2200253 4500 | ||
|---|---|---|---|
| 001 | ABS55002 | ||
| 008 | 090401t1996 xxu||||| |||| 00| 0 eng d | ||
| 035 | _a(Sirsi) u13549 | ||
| 041 | _aeng | ||
| 100 | _aSeidl, A. | ||
| 245 | _aTake your fill | ||
| 260 | _c1996 | ||
| 350 | _a0 | ||
| 490 |
_aEstates Gazette _v(9615) 13 April 1996, 42-43(2) |
||
| 520 | _aLooks at the future of closed landfill sites and other problems faced by local authorities, developers and waste managers in the immediate face of landfill taxes. | ||
| 650 | _aCONTAMINATED LAND | ||
| 650 | _aENVIRONMENT ACT 1995 | ||
| 650 | _aENVIRONMENTAL PROTECTION ACT 1990 | ||
| 650 | _aLANDFILL SITES | ||
| 650 | _aLANDFILL TAX | ||
| 690 | _aLAND | ||
| 942 | _n0 | ||
| 948 | _c04/03/1997 | ||
| 999 |
_c8726 _d8726 |
||